[Event "81st ARM-ch 1st League 2021"]
[Site "Yerevan"]
[Date "2021.02.02"]
[Round "11.5"]
[White "Ohanyan, Emin"]
[Black "Davtyan, Artur"]
[Result "1/2-1/2"]
[WhiteElo "2255"]
[BlackElo "2466"]
[Annotator "TA"]
[PlyCount "133"]
[EventDate "2021.01.20"]
[EventType "tourn"]
[EventCountry "ARM"]
[SourceTitle "playchess.com"]
[Source "ChessBase"]
[SourceQuality "1"]

{[%evp 26,133,21,15,20,20,22,21,22,18,24,8,19,25,20,0,0,0,15,-31,-40,-21,-35,-58,-50,-44,-29,-30,0,0,0,0,0,0,0,0,0,0,0,0,0,0,0,-66,0,0,0,-132,-127,-118,0,0,0,0,0,0,0,0,0,0,0,0,0,0,0,0,0,0,0,0,0,0,0,0,0,0,0,0,0,0,0,0,0,0,0,0,0,0,0,0,0,0,0,-53,0,0,0,0,0,0,0,0,0,0,0,0,0,0,0,0]} 1. e4 e5 2. Nf3 Nc6 3. Nc3 Nf6 4. d4 exd4 5. Nxd4 Bb4 6. Nxc6 bxc6 7. Bd3 d5 8. exd5 O-O 9. O-O cxd5 10. Bg5 c6 11. Qf3 h6 12. Bxf6 Qxf6 13. Qxf6 gxf6 14. Ne2 Re8 {C47: Scotch Four Knights and Four Knights with 4 g3.} 15. Nd4 Bd7 16. Bf5 Bxf5 17. Nxf5 Kh7 {[#]} 18. Rad1 $146 ({Predecessor:} 18. c3 Bc5 19. Rfe1 Re5 20. Rxe5 fxe5 21. Re1 f6 22. Kf1 Kg6 23. Ne3 a5 24. Ke2 {0-1 (52) Szydelko,M (1609)-Marko,P (1761) Polanica Zdroj 2016}) 18... Bc5 19. Rfe1 Re5 20. Nh4 Rb8 21. b3 Rbe8 22. Nf3 (22. Kf1 {feels hotter.} Bb4 23. Rxe5 fxe5 24. Rd3 Bf8 25. Rh3) 22... Re2 23. Rxe2 Rxe2 $15 {[%mdl 4096] Endgame KRB-KRN} 24. Rd2 Bxf2+ $1 25. Kf1 Rxd2 26. Nxd2 {KB-KN} Be3 27. Nf3 Kg6 28. Ke2 Bb6 29. Kd3 h5 30. c4 Kf5 31. Nd4+ Bxd4 32. Kxd4 dxc4 33. bxc4 $11 {KP-KP} Ke6 34. Ke4 ({White should play} 34. Kc5 $11 Kd7 35. g3) 34... Kd6 (34... f5+ $15 35. Kf4 h4) 35. h4 {With the idea Kf5.} Ke6 36. c5 {[#]} (36. Kf4 $11 {keeps the balance.}) 36... f5+ $1 $17 37. Kf4 {[#] Black should prevent Kg5.} Kf6 (37... f6 $1 $17 38. g3 a6) 38. g3 Ke6 {White must now prevent ...f6.} (38... a6 $5) 39. Kg5 Ke5 $1 40. Kxh5 f4 41. gxf4+ Kxf4 $11 {K3P-K3P} 42. Kh6 f5 43. h5 Ke4 {aiming for ...f4.} 44. Kg6 f4 45. h6 {Strongly threatening h7.} f3 {And now ...f2 would win.} 46. h7 f2 47. h8=Q f1=Q {Threatens to win with ...Qf5+. KQ-KQ} 48. Qe8+ Kd5 49. Qd7+ Kxc5 50. Qxa7+ Kb4 51. a3+ Kc3 52. Qa5+ Kd4 53. Qb6+ Kd5 54. Qd8+ Kc4 55. Qg8+ Kc3 56. Qh8+ Kb3 {Hoping for ...Qd3+.} 57. Qb8+ Qb5 58. Qg3+ Kb2 59. Kf6 (59. a4 $11 Qa6 60. Qf3) 59... Qc4 (59... c5 $15 60. Qe5+ Kb3) 60. a4 {The position is equal.} Qxa4 61. Qe5+ Kc1 62. Qc5+ (62. Qe3+ {is interesting.} Kb2 63. Qd2+ Ka3 64. Qe3+ Kb4 65. Qf4+) 62... Kb1 (62... Qc2 {with more complications.} 63. Qg1+ Kd2 64. Qf2+ Kc3 65. Qc5+ Kb3) 63. Ke6 Qb5 64. Qxb5+ cxb5 65. Kd5 b4 (65... Kc2 $5 66. Kc5 $8 Kd3 $11) 66. Kc4 Kc2 {( -> ...b3)} 67. Kxb4 {Weighted Error Value: White=0.12/Black=0.07} 1/2-1/2

[Event "81st ARM-ch 1st League 2021"]
[Site "Yerevan"]
[Date "2021.02.02"]
[Round "11.6"]
[White "Gharibyan, Mamikon"]
[Black "Mikaelyan, Arman"]
[Result "1/2-1/2"]
[WhiteElo "2432"]
[BlackElo "2485"]
[Annotator "TA"]
[PlyCount "69"]
[EventDate "2021.01.20"]
[EventType "tourn"]
[EventCountry "ARM"]
[SourceTitle "playchess.com"]
[Source "ChessBase"]
[SourceQuality "1"]

{[%evp 9,69,21,24,24,15,13,29,23,32,8,13,32,22,0,18,8,35,12,25,41,41,28,32,17,9,21,34,35,43,34,52,57,52,31,37,37,100,99,97,43,45,0,0,0,0,0,0,0,0,0,0,0,0,0,0,0,0,0,0,0,0,0]} 1. d4 d5 2. c4 c6 3. Nf3 Nf6 4. e3 e6 5. b3 Nbd7 6. Bb2 {D30: Queen's Gambit Declined: Systems without Nc3.} b6 7. Bd3 Bb7 8. O-O {White has an edge.} Bd6 {The main line 8...Bd6 scores better than 8...Be7.} 9. Nc3 O-O 10. Re1 h6 {[#]} 11. h3 $146 ({Predecessor:} 11. e4 dxc4 12. Bxc4 e5 13. Ne2 Re8 14. Ng3 exd4 15. Nf5 Bb4 16. Re2 b5 17. Bxf7+ Kxf7 {½-½ (51) Rost,D (2490)-Gritsaenko,V (2453) ICCF email 2011}) 11... Rc8 12. e4 dxe4 (12... dxc4 {feels hotter.} 13. bxc4 e5 14. Na4 Re8 15. Qc2 exd4 16. Bxd4 Bb4) 13. Nxe4 Nxe4 14. Bxe4 Nf6 15. Bc2 c5 16. d5 exd5 17. cxd5 Bf4 18. Nh4 {[#] Threatens to win with Nf5.} Qxd5 19. Bxf6 Qxd1 20. Raxd1 {Ba1 is the strong threat.} gxf6 21. g3 Be5 22. Nf5 Rfe8 {[#]} (22... Rc7 $14) 23. Rd7 $1 $16 ({Much weaker is} 23. Nxh6+ Kf8 $14) 23... Bc6 24. Nxh6+ (24. Rxa7 $16 Kf8 25. Nxh6) 24... Kg7 $14 25. Rxf7+ Kxh6 {The position is equal.} 26. Rh7+ Kg5 27. h4+ Kg4 28. Rg7+ Kh5 {aiming for ...Rg8.} 29. Bf5 {[%cal Rg7h7]} Rh8 {White must now prevent ...Rcg8.} 30. Rxe5 $1 fxe5 31. Rg5+ Kh6 {Strongly threatening ...Rcg8.} 32. Rg6+ Kh5 33. Rg5+ Kh6 34. Rg6+ Kh5 {And now ...Rhg8 would win.} 35. Rg5+ {Weighted Error Value: White=0.09/Black=0.08} 1/2-1/2

[Event "81st ARM-ch 1st League 2021"]
[Site "Yerevan"]
[Date "2021.02.02"]
[Round "11.7"]
[White "Hayrapetyan, Hovik"]
[Black "Danielyan, Vahe"]
[Result "1-0"]
[WhiteElo "2488"]
[BlackElo "2357"]
[Annotator "TA"]
[PlyCount "73"]
[EventDate "2021.01.20"]
[EventType "tourn"]
[EventCountry "ARM"]
[SourceTitle "playchess.com"]
[Source "ChessBase"]
[SourceQuality "1"]

{[%evp 10,73,44,29,28,25,93,119,103,94,95,47,104,34,51,18,98,14,11,0,0,0,0,-21,-21,-22,-21,-19,-31,-40,0,8,8,16,55,25,71,64,87,59,61,0,134,136,145,141,135,135,142,94,651,641,589,543,1710,1726,1604,1239,1829,1878,2412,2023,29987,29988,29988,29989]} 1. d4 g6 2. c4 Bg7 3. Nc3 c5 4. d5 Bxc3+ 5. bxc3 f5 6. g4 fxg4 {A40: Unusual replies to 1 d4.} 7. h3 gxh3 (7... d6 $11) 8. Nxh3 $16 {[#]} Nf6 $146 {White is better.} ({Predecessor:} 8... d6 9. Nf4 Bf5 10. f3 Nf6 11. e4 Nxe4 12. fxe4 Bxe4 13. Ne6 Qa5 14. Rh3 Nd7 {1-0 (24) Jaunooby,A (2160)-Carpenter,D (1900) West Bromwich 2005}) 9. Ng5 d6 10. Qd3 Rg8 {[#]} 11. Nxh7 ({Better is} 11. Qc2 $1 $16) 11... Nbd7 $14 12. Nxf6+ exf6 (12... Nxf6 $11 {keeps the balance.} 13. Bg2 Qd7) 13. Rh7 (13. Qe4+ $16 Qe7 14. Qxe7+ Kxe7 15. Rh7+ Ke8 16. Bf4) 13... Ne5 $11 14. Qe3 {Threatens to win with f4.} g5 15. Bh3 f5 16. Qg3 {f4 is the strong threat.} Qf6 {And now ...Qg6 would win.} 17. f4 $1 {[%cal Rf4e5] [#]} Qg6 $1 18. Rc7 ({Wrong is} 18. fxe5 $2 Qxh7 19. e6 f4 $19) 18... Nd7 19. Qxg5 ({Not} 19. Qe3+ $2 Kd8 $19) 19... Qxg5 (19... Qg7 {looks sharper.} 20. Kd1 Qf8 21. Qxf5 Rg1+ 22. Kc2 Qxf5+ 23. Bxf5 Kd8) 20. fxg5 {Black must now prevent Bf4.} Kd8 {[#]} 21. Rxc8+ Kxc8 (21... Rxc8 22. Bxf5) 22. Bxf5 Kc7 {[#]} 23. Kf2 $1 Ne5 24. Bf4 Rg7 25. e4 (25. Rh1 $14) 25... Rh8 (25... Nxc4 $11 26. g6 Rag8) 26. Bxe5 $16 dxe5 {[%mdl 4096] Endgame KRR-KRB} 27. g6 Kd6 28. Kg3 Ke7 29. Rd1 {Hoping for d6+.} Kd6 $2 {[%mdl 8192] A mistake that costs the game.} (29... Rd8 $16) 30. Kg4 $18 Rh2 31. Kg5 Rxa2 {Now ...Rg2+ and Black clings on.} 32. Kf6 Rg8 33. Kf7 Rb8 34. Rg1 a5 35. g7 a4 36. Rg6+ Kc7 37. d6+ {Weighted Error Value: White=0.17/Black=0.76} 1-0

[Event "81st ARM-ch 1st League 2021"]
[Site "Yerevan"]
[Date "2021.02.03"]
[Round "12.1"]
[White "Sargsyan, Anna M."]
[Black "Danielyan, Vahe"]
[Result "0-1"]
[WhiteElo "2402"]
[BlackElo "2357"]
[Annotator "TA"]
[PlyCount "104"]
[EventDate "2021.01.20"]
[EventType "tourn"]
[EventCountry "ARM"]
[SourceTitle "playchess.com"]
[Source "ChessBase"]
[SourceQuality "1"]

{[%evp 9,104,12,31,38,32,6,45,19,18,16,28,0,30,6,32,30,37,22,27,-3,71,66,67,52,52,31,30,11,29,-45,6,8,0,0,0,4,62,55,99,101,279,263,315,314,285,265,291,176,154,107,166,152,164,72,115,-231,-250,-262,-104,-132,-137,-118,-116,-103,-106,-100,-111,-131,8,8,8,8,8,-358,-363,-419,-410,-389,-319,-595,-589,-644,-633,-656,-621,-781,-755,-1061,-1034,-989,-743,-739,-737,-2218,-2237,-1468,-1414]} 1. d4 Nf6 2. Nf3 b6 3. e3 Bb7 4. Bd3 g6 5. O-O Bg7 6. c4 {A47: 1 d4 Nf6 2 Nf3 b6: Torre, London and Colle Systems.} O-O 7. Nc3 d6 8. d5 {White is slightly better.} c6 {[%cal Rc6d5]} 9. e4 cxd5 10. exd5 Nbd7 {[#]} 11. Re1 $146 ({Predecessor:} 11. Be3 Nc5 12. Bxc5 bxc5 13. Re1 Re8 14. Qc2 Ng4 15. h3 Ne5 16. Nxe5 Bxe5 17. g3 {½-½ (55) Kilburn,G (1157)-Miller,D (1309) Kalamazoo 2000}) 11... Rc8 12. Bf1 a6 13. Bg5 h6 14. Bf4 Re8 (14... b5 $1 $11 {remains equal.}) 15. Qd2 $16 g5 16. Be3 Ng4 17. Nd4 e6 $1 18. dxe6 fxe6 19. Nc2 (19. h3 $11 Nxe3 20. Qxe3) 19... Nxe3 (19... Be5 $15 20. h3 Nxe3 21. Nxe3 h5) 20. Nxe3 $11 Ne5 21. Rad1 g4 22. Qxd6 Qg5 ({Black should try} 22... Qf6 $11) 23. Qxb6 $14 Bc6 24. Nc2 (24. Qxa6 $6 Ra8 $11) 24... Qg6 $2 (24... Rb8 $16 25. Qe3 (25. Qxa6 Rxb2 26. Rxe5 {[%mdl 64] Remove Defender} Bxe5 $14) 25... Qxe3 26. Rxe3 Rxb2) 25. Nd4 $18 {aiming for Rxe5!} Ba8 26. Qxa6 h5 27. Qa5 Qg5 28. b4 h4 29. Re3 {Hoping for Ne4.} Qf4 (29... Qf6 $16) 30. Qa6 Rf8 31. Rd2 (31. Re2 $18 {has better winning chances.} h3 32. Qxe6+ (32. Nxe6 $2 Bxg2 33. Bxg2 Nf3+ 34. Bxf3 Qxf3 $19) 32... Kh8 33. Nd5 (33. gxh3 $2 Qxd4 {[%mdl 64] Remove Defender, Decoy} 34. Rxd4 Nf3+ {[%mdl 64] Double Attack, Pin, Discovered Attack} 35. Kg2 Nxd4+ {[%mdl 64] Discovered Attack} 36. Nd5 Nxe6 $19) 33... Bxd5 34. Qxd5 (34. cxd5 hxg2 35. Bxg2 Rc1 $15)) 31... Rce8 {[#] Strongly threatening ...g3!} 32. c5 $2 {[%mdl 8192]} (32. Nd1 $1 $16 {stays on course.} g3 33. Nxe6) 32... g3 $1 $19 {[%cal Rg3f2]} 33. Qe2 {[%cal Rh2g3]} gxf2+ (33... gxh2+ $19 34. Kh1 Ng4 {[%mdl 64] Double Attack} 35. Nxe6 Qxf2 36. Qxf2 Rxf2 37. Rxf2 Nxf2+ 38. Kxh2 Ng4+ {[%mdl 64] Double Attack} 39. Kg1 Nxe3 40. Nxg7 Kxg7) 34. Qxf2 $17 Qxf2+ 35. Rxf2 Rxf2 36. Kxf2 {And now Kg1 would win.} Ng4+ {[%mdl 64] Double Attack, Discovered Attack} 37. Ke2 Bxd4 38. Rh3 Rf8 (38... Be5 $17 39. b5 Nxh2) 39. Rxh4 $11 Rf2+ $1 {[%mdl 64] Double Attack} 40. Kd3 Rf4 {[#] Threatens to win with ...Ne5+.} 41. Kd2 $2 {[%mdl 8192]} Bf6 $19 {[%mdl 64] Discovered Attack} 42. Rxg4+ Rxg4 43. b5 Bxg2 44. Bd3 (44. Bxg2 Rxg2+ {[%mdl 64] Double Attack} 45. Kd3) 44... Kf7 {Black is clearly winning.} 45. h3 Rh4 46. Kc2 Ke7 47. Nd1 Rxh3 48. a4 Bd4 49. c6 Bb6 50. Nb2 Bd5 51. Kc3 e5 52. Kb4 Kd6 {Weighted Error Value: White=0.60/Black=0.41} 0-1

[Event "81st ARM-ch 1st League 2021"]
[Site "Yerevan"]
[Date "2021.02.03"]
[Round "12.2"]
[White "Mikaelyan, Arman"]
[Black "Hayrapetyan, Hovik"]
[Result "1/2-1/2"]
[WhiteElo "2485"]
[BlackElo "2488"]
[Annotator "TA"]
[PlyCount "160"]
[EventDate "2021.01.20"]
[EventType "tourn"]
[EventCountry "ARM"]
[SourceTitle "playchess.com"]
[Source "ChessBase"]
[SourceQuality "1"]

{[%evp 27,160,69,91,88,103,90,105,80,87,96,92,80,79,81,68,50,52,33,65,39,36,25,23,26,35,35,29,45,41,0,0,0,0,0,0,0,0,0,0,0,0,0,5,0,0,0,0,0,13,0,0,0,0,0,0,0,0,0,0,0,8,8,8,8,8,8,8,8,8,8,8,8,8,8,8,8,8,8,8,8,8,8,8,8,8,8,8,8,8,8,8,8,8,8,8,8,8,8,8,8,8,8,8,8,8,8,8,8,8,8,8,8,8,8,8,8,8,8,8,8,8,8,8,8,8,8,8,0,0,0,0,0,0,0,0]} 1. d4 Nf6 2. c4 g6 3. Nc3 c5 4. d5 Bg7 5. e4 O-O 6. Nf3 e6 7. Bd3 exd5 8. cxd5 Re8 9. O-O d6 10. h3 a6 11. a4 Nbd7 12. Re1 Qe7 13. Bf4 Nh5 14. Bh2 Ne5 {[#]} 15. Be2 $1 {A70: Modern Benoni: 6 e4 g6 7 Nf3.} Nxf3+ 16. Bxf3 Be5 17. Bxh5 {White is better.} Bxh2+ 18. Kxh2 Qe5+ 19. g3 {Strongly threatening Bg4.} (19. Kg1 {looks sharper.} gxh5 20. Qd2 Kh8 21. Qh6 Rg8 22. Kh1) 19... Qxh5 20. Qxh5 gxh5 21. f4 f6 {[#]} 22. Re2 $146 ({Predecessor:} 22. Kg2 Kg7 23. f5 Bd7 24. Kf3 b5 25. a5 Re7 26. Re3 Rae8 27. g4 hxg4+ 28. hxg4 {½-½ (44) Nikolaou,G (2200)-Kaforos,D (2219) Aspropyrgos 2019}) 22... Rb8 23. e5 dxe5 24. Rae1 {[%cal Rf4e5]} Bf5 25. fxe5 fxe5 26. Rxe5 Rxe5 27. Rxe5 $11 {[%mdl 4096] Endgame KRB-KRN} Bg6 28. d6 Rd8 {The position is equal.} 29. Rxc5 Rxd6 30. Rc8+ Kg7 31. Rc7+ {[%mdl 64] [#] Double Attack} Kh6 32. Rxb7 Rd2+ 33. Kg1 {next h4 is good for White.} h4 34. gxh4 Kh5 35. Rb4 a5 36. Rg4 Rxb2 37. Nd5 Kh6 38. Ne3 {Black should prevent Rg5.} Re2 39. Rg3 Kh5 40. Ng2 {Threatens to win with Nf4+.} Re5 41. Kf2 Kh6 42. Ne3 Re4 43. Rg4 Rxg4 44. hxg4 {Nf5+ is the strong threat. KB-KN} Be8 45. Nc4 Bxa4 46. Nxa5 Kg6 47. Kg3 h5 48. g5 {Threatening Kf4.} Kf5 49. Nc4 Bb3 50. Ne3+ Ke4 51. Ng2 Bf7 52. Nf4 Kf5 53. Kf3 Be8 54. Ne2 Bc6+ 55. Kg3 {White threatens Nd4+ and mate.} (55. Kf2 {is interesting.} Kg4 56. Nd4 Be8 57. Ke3 Kxh4 58. Kf4) 55... Ke5 56. Kf2 Be8 57. Kf3 Bf7 58. Ng3 Be8 59. Ke3 Bg6 60. Ne2 Kf5 61. Kf3 Ke5 62. Nc3 Bf7 63. Nd1 Bd5+ 64. Kg3 Bf7 65. Nf2 Kf5 66. Nh3 Bg6 67. Ng1 Ke4 68. Ne2 Bf7 69. Nc3+ Kf5 70. Nb5 Ke5 71. Kf3 Bg6 72. Ke3 Kf5 73. Kd4 Kg4 74. Ke5 Kxh4 {aiming for ...Kg4.} 75. Kf4 Kh3 76. Nd4 h4 {And now ...Kg2 would win.} 77. Nf5 Be8 78. Kf3 Bh5+ 79. Kf4 Be8 80. Kf3 Bh5+ {Weighted Error Value: White=0.03/Black=0.02} 1/2-1/2

[Event "81st ARM-ch 1st League 2021"]
[Site "Yerevan"]
[Date "2021.02.03"]
[Round "12.3"]
[White "Davtyan, Artur"]
[Black "Gharibyan, Mamikon"]
[Result "1/2-1/2"]
[WhiteElo "2466"]
[BlackElo "2432"]
[Annotator "TA"]
[PlyCount "80"]
[EventDate "2021.01.20"]
[EventType "tourn"]
[EventCountry "ARM"]
[SourceTitle "playchess.com"]
[Source "ChessBase"]
[SourceQuality "1"]

{[%evp 10,80,18,23,25,24,24,24,39,14,18,11,7,7,18,12,42,43,43,35,37,27,50,36,51,14,29,18,37,30,54,0,0,0,0,0,0,0,0,-6,-8,-6,-6,-2,0,0,0,0,0,0,18,-18,-18,-15,-8,-29,-27,-15,-18,-18,-17,-13,-13,-23,-17,-17,-12,-10,-3,-4,0,0,0]} 1. e4 e5 2. Nf3 Nc6 3. Bc4 Bc5 4. d3 Nf6 5. Bg5 h6 6. Bh4 Be7 {C50: Hungarian Defence and Giuoco Pianissimo.} 7. Bg3 d6 8. a4 a5 {[#] White has an edge.} 9. Nbd2 $146 ({Predecessor:} 9. h3 O-O 10. Nc3 Be6 11. Bxe6 fxe6 12. O-O Nd4 13. Nxd4 exd4 14. Nb5 e5 15. c3 {1-0 (61) Kosteniuk,A (2546)-Lei,T (2507) Hengshui 2019}) 9... O-O 10. O-O g6 11. h3 Nh5 12. Bh2 Ng7 13. c3 Bf6 14. Re1 Ne6 15. Nf1 Bg7 16. Ne3 Kh8 17. Bxe6 Bxe6 18. d4 {[#] aiming for d5.} exd4 19. cxd4 {And now d5 would win.} d5 20. Bxc7 Qxc7 $11 21. exd5 Bxd5 22. Nxd5 Qd6 {[%cal Rd6d5]} 23. Qb3 Rad8 24. Nc3 Nxd4 25. Nxd4 Qxd4 26. Re7 Qb4 27. Rxb7 Qxb3 28. Rxb3 Rd2 29. Rc1 Rc8 30. Rb7 Bd4 31. Rf1 Kg7 32. Rb5 Rc4 33. Rxa5 Rxb2 34. Ne4 Bb6 35. Re5 Rxa4 36. Nc3 Rc4 37. Re2 {The position is equal.} Rxe2 38. Nxe2 Rc2 39. Rb1 Rxe2 40. Rxb6 h5 {Weighted Error Value: White=0.06/Black=0.06} 1/2-1/2

[Event "81st ARM-ch 1st League 2021"]
[Site "Yerevan"]
[Date "2021.02.03"]
[Round "12.4"]
[White "Babujian, Levon"]
[Black "Ohanyan, Emin"]
[Result "1-0"]
[WhiteElo "2440"]
[BlackElo "2255"]
[Annotator "TA"]
[PlyCount "87"]
[EventDate "2021.01.20"]
[EventType "tourn"]
[EventCountry "ARM"]
[SourceTitle "playchess.com"]
[Source "ChessBase"]
[SourceQuality "1"]

{[%evp 9,87,22,41,53,42,45,54,12,16,24,-12,2,64,58,87,71,111,100,117,137,89,110,105,95,99,105,82,85,69,17,60,50,70,54,58,55,80,80,79,73,82,84,118,111,160,174,166,172,173,172,194,177,223,215,371,331,375,249,516,492,512,431,599,597,585,601,599,604,604,603,601,599,593,593,587,556,927,923,933,614]} 1. d4 Nf6 2. c4 c5 3. d5 b5 4. cxb5 a6 5. bxa6 g6 6. Nc3 {A58: Benko/Volga Gambit: Lines with 5 bxa6.} Bg7 7. e4 {a7 is the strong threat.} O-O 8. e5 {White is slightly better.} Ne8 9. f4 d6 10. Nf3 Nxa6 {[#]} (10... Nc7 $11) 11. Bc4 $146 {[%mdl 2048] Black is under pressure.} ({Predecessor:} 11. h3 Nec7 12. Bc4 Nb4 13. a3 Ba6 14. Bxa6 Nbxa6 15. O-O Qb8 16. Qe2 Qb3 17. Rd1 {0-1 (52) Lubbers,J (2141)-Safranska,A (2330) Lisbon 2001}) 11... Nec7 12. O-O Nb4 13. Be3 e6 14. dxe6 Bxe6 15. Bxe6 Nxe6 16. a3 ({Weaker is} 16. Qxd6 Qxd6 17. exd6 Nc2 $17) 16... Nc6 {[%cal Rd6e5]} 17. Qxd6 Qxd6 18. exd6 Rfd8 19. Nd2 (19. Rad1 $14) 19... Rxd6 20. Nc4 Rd3 21. Rad1 Rxd1 22. Nxd1 Na5 23. Nxa5 {White now steadily converts the win.} Rxa5 24. f5 gxf5 25. Rxf5 Ra4 26. Kf1 ({But not} 26. Bxc5 $2 Nxc5 27. Rd5 Ne6 $19) 26... c4 27. Bd2 Ra8 28. Bc3 Bxc3 29. Nxc3 $18 {[%mdl 4096] Endgame KRN-KRN} ({Stronger than} 29. bxc3 Rxa3 30. h4 h6 $11) 29... Rb8 30. Rb5 Rd8 31. a4 {[%cal Ba3a4,Ba4a5,Ba5a6][%mdl 32]} Rd2 $2 (31... Kf8 {might work better.} 32. a5 Ra8) 32. a5 {[#] Strongly threatening a6.} Rc2 33. Na4 Nd4 $2 (33... Nc7 34. Rg5+ Kf8) 34. Rg5+ {White is clearly winning.} Kh8 35. a6 {White threatens a7 and mate.} Nc6 36. Rc5 Na7 37. Rc7 {[%mdl 64] [#] Double Attack} Nb5 38. Rb7 Rc1+ 39. Kf2 Ra1 40. Nc5 Ra5 41. Rxf7 Nd6 42. Rc7 Kg8 43. a7 h5 44. Rd7 {Weighted Error Value: White=0.13/Black=0.33} 1-0

[Event "81st ARM-ch 1st League 2021"]
[Site "Yerevan"]
[Date "2021.02.03"]
[Round "12.5"]
[White "Barseghyan, Armen Ar."]
[Black "Vardanian, Haik G."]
[Result "1/2-1/2"]
[WhiteElo "2362"]
[BlackElo "2389"]
[Annotator "TA"]
[PlyCount "82"]
[EventDate "2021.01.20"]
[EventType "tourn"]
[EventCountry "ARM"]
[SourceTitle "playchess.com"]
[Source "ChessBase"]
[SourceQuality "1"]

{[%evp 17,82,0,18,0,0,0,0,-21,-10,-5,0,0,0,0,0,0,46,46,41,31,39,14,14,0,14,-7,14,0,0,0,0,0,0,0,0,0,29,7,13,16,8,11,13,0,21,0,5,0,0,0,0,0,0,0,0,-14,48,23,23,0,31,41,55,-50,14,-7,64]} 1. Nf3 d5 2. d4 Nf6 3. g3 c6 4. Bg2 Bf5 5. O-O e6 6. Nbd2 h6 7. c4 Nbd7 8. b3 Be7 9. Bb2 Ne4 10. a3 {D02: 1 d4 d5 2 Nf3 sidelines, including 2...Nf6 3 g3 and 2...Nf6 3 Bf4.} a5 {[%cal Ba7a5,Ba5a4][%mdl 32]} 11. Rc1 O-O 12. Ne1 Nxd2 13. Qxd2 {[#]} a4 $146 ({Predecessor:} 13... Nf6 14. Nd3 Ne4 15. Qd1 Bg5 16. e3 Nd6 17. a4 Be4 18. Ba3 Bxg2 19. Kxg2 Re8 {½-½ (98) Federic,J (2209)-Farkas,G (2363) Slovakia 2019}) 14. b4 Bg5 15. e3 b5 16. c5 h5 17. Qe2 Bg6 18. h4 Bh6 19. Bf3 Nf6 20. Ng2 Re8 21. Rfe1 Kf8 22. Nf4 Bxf4 23. exf4 Ke7 24. Ra1 {[%cal Bc1a1,Ba1a2,Ba2d2][%mdl 32]} Kd7 25. Bc1 Kc8 26. Bg2 Kb7 27. f3 Nd7 28. Qd1 Bf5 29. Ra2 Qf6 30. Kh2 Re7 31. Qd2 Qg6 32. Qc3 Bd3 33. Rd2 Bc4 34. Bh3 Rae8 35. Qe3 Qh7 36. Bb2 f6 (36... g6 $11) 37. Qc3 Qg8 38. Rg2 Qf7 39. Qd2 Nf8 40. Re3 (40. Qe3 $14) 40... Nh7 ({Better is} 40... g5 $15 41. fxg5 (41. hxg5 Bf1 $15) 41... fxg5) 41. Rg1 g6 {Weighted Error Value: White=0.14/Black=0.11} (41... g5 $1 $11) 1/2-1/2

[Event "81st ARM-ch 1st League 2021"]
[Site "Yerevan"]
[Date "2021.02.03"]
[Round "12.6"]
[White "Yeremyan, Alen"]
[Black "Melkonyan, Arshak"]
[Result "0-1"]
[WhiteElo "2274"]
[BlackElo "2079"]
[Annotator "TA"]
[PlyCount "68"]
[EventDate "2021.01.20"]
[EventType "tourn"]
[EventCountry "ARM"]
[SourceTitle "playchess.com"]
[Source "ChessBase"]
[SourceQuality "1"]

{[%evp 16,68,2,-25,-10,-24,-13,-36,0,0,-19,-64,-33,-57,-63,-69,-70,-56,-60,-107,-100,-123,-114,-180,-158,-178,-170,-167,-189,-270,-276,-281,-220,-212,-231,-216,-210,-172,-160,-362,-358,-368,-369,-570,-562,-643,-629,-644,-595,-552,-391,-369,-395,-371,-355]} 1. g3 d5 2. Bg2 c6 3. Nf3 Bg4 4. O-O Nd7 5. d3 e6 6. e4 Bd6 7. Qe2 Ne7 8. h3 Bh5 9. Nbd2 O-O {A07: Réti Opening: New York and Capablanca Systems.} 10. Re1 h6 11. Nf1 {[#]} Rc8 $146 {Black is slightly better.} ({Predecessor:} 11... Re8 12. g4 Bg6 13. e5 Bc7 14. Bf4 c5 15. c4 Nc6 16. Bg3 Nb6 17. Red1 Qd7 {0-1 (49) Vasilevich,T (2265)-Styazhkina,A (2280) Sochi 2019}) 12. g4 Bg6 13. e5 Bb8 14. Bf4 c5 15. Ng3 Nc6 16. Qd2 Qc7 17. c3 {[#] White is now going downhill.} f6 $1 {[%cal Rd7e5]} 18. d4 cxd4 19. cxd4 (19. Nxd4 $17 Nxd4 20. cxd4) 19... fxe5 $19 20. dxe5 Nc5 21. Nh4 Bh7 {aiming for ...Nd3.} 22. Nh5 (22. Nhf5 $142 exf5 23. Qxd5+ {[%mdl 64] Double Attack} Kh8 24. Qxc5 fxg4 {[%mdl 64] Discovered Attack} 25. Be3) 22... Nd3 {[%mdl 64] Double Attack} 23. Bg3 Nxe1 24. Rxe1 Qf7 25. f4 Ne7 26. Qb4 Bc7 27. Qxb7 $2 (27. Kh1 $17) 27... Bb6+ 28. Kh1 Bd3 {...Rc7 is the strong threat.} 29. Qd7 (29. Bf1 {was worth a try.} Be4+ 30. Bg2) 29... Rc6 30. f5 {Threatening f6.} Rd8 31. fxe6 {[#]} Qf8 ({And not} 31... Rxd7 32. exf7+ Kxf7 33. e6+ (33. Nf4 Be4 $16) 33... Rxe6 34. Rxe6 $18) 32. Qd6 Rcxd6 33. exd6 {[#]} Be4 $1 34. dxe7 Qxe7 {Weighted Error Value: White=0.34/Black=0.10} 0-1